Tableau périodique des éléments- Gaz inertes - Statistiques

Statistiques générales
  • Ce quiz a été pris 101 fois
  • Le résultat moyen est 6 sur 7
Statistiques - réponses
Gaz inertes % Correct
Hélium
99%
Néon
94%
Argon
86%
Krypton
86%
Xénon
83%
Radon
70%
Oganesson
56%
Aucun quiz correspondant
Distribution des résultats
% des personnes avec chaque résultat
Percentile par nombre de réponses
Votre historique - résultats
Vous n’avez pas pris ce quiz